| 000 | 00648cam a2200205 4500 | ||
|---|---|---|---|
| 005 | 20240305131339.0 | ||
| 008 | 170704b mx ||||| |||| 00| 0 spa d | ||
| 020 | _a9682922275 | ||
| 050 | 0 | 4 |
_aF1219.3.A35 _bR65 1988 |
| 100 | 1 |
_aRojas Rabiela, Teresa, _d[1947- ] |
|
| 245 | 1 | 4 |
_aLas siembras de ayer _b : la agricultura indígena del siglo XVI _c / Teresa Rojas Rabiela. |
| 250 | _a1a ed. | ||
| 260 |
_aMéxico : _bSEP, _c1998 |
||
| 300 |
_a230 p. ; _c21 cm. |
||
| 504 | _aApéndice | ||
| 504 | _aBibliografía p.205-230 | ||
| 650 | 7 |
_2LEMB _aIndios de México _xAgricultura |
|
| 650 | 7 |
_2LEMB _aIndios de México _xHistoria |
|
| 942 |
_2lcc _cLIB |
||
| 999 |
_c73435 _d73435 |
||